Logo BPK

Bibliografia Prac Pracowników

Politechniki Koszalińskiej

Praktyka podnoszenia kompetencji kadry nauczycielskiej z zakresu e-learningu / (Rekord nr 964)

Szczegóły MARC
000 -ETYKIETA REKORDU
podpole kontrolne o stałej długości 01765naa a22002291i 4500
001 - NUMER KONTROLNY REKORDU
podpole kontrolne 964
003 - IDENTYFIKATOR NUMERU KONTROLNEGO REKORDU
podpole kontrolne KOSZ 005
005 - DATA OSTATNIEJ MODYFIKACJI REKORDU
podpole kontrolne 20180104121119.0
008 - POLE O STAŁEJ DŁUGOŚCI - DANE KONTROLNE
podpole kontrolne o stałej długości 140611s2007 pl f |000 0 pol d
040 ## - ŹRÓDŁO KATALOGOWANIA
Instytucja, która utworzyła rekord BPK
Instytucja, która dokonała modyfikacji KOSZ 005/ac
-- KOSZ 005/EG
080 ## - UNIWERSALNA KLASYFIKACJA DZIESIĘTNA - UKD
UKD 37.018.43
100 1# - NAZWA OSOBOWA
Nazwa osobowa KRÓLIKOWSKI, Tomasz.
Lata pracy 1997 - .
Instytucja Politechnika Koszalińska - Wydział Mechaniczny,
Wydział Katedra Mechaniki Precyzyjnej
245 10 - TYTUŁ/ODPOWIEDZIALNOŚĆ
Tytuł Praktyka podnoszenia kompetencji kadry nauczycielskiej z zakresu e-learningu /
Pozostałe elementy strefy tytułu i oznaczenia odpowiedzialności Tomasz Królikowski, Walery Susłow, Błażej Bałasz.
500 ## - UWAGI OGÓLNE
Tekst uwagi Dane z autopsji.
520 ## - UWAGA DOTYCZĄCA TREŚCI DOKUMENTU
Analiza dokumentacyjna, adnotacja itp. Ministerstwo Edukacji Narodowej rozpisało konkurs na zorganizowanie studiów podyplomowych z zakresu przygotowania nauczycieli do wykorzystywania metod e-learning'owych w kształceniu ustawicznym młodzieży i dorosłych. Politechnika Koszalińska jako jedna z czterech uczelni wyższych w Polsce otrzymała grant dydaktyczny, w ramach którego miała przeszkolić nauczycieli, pracujących w placówkach oświatowych w czterech województwach. Autorzy artykułu uczestniczyli w przygotowaniach, jak i przeprowadzaniu szkoleń i dzielą się swoimi spostrzeżeniami i doświadczeniami związanymi z wykonaniem zadań grantu.
650 #0 - HASŁO PRZEDMIOTOWE W FORMIE NAZWY OGÓLNEJ LUB JEDNOSTKOWEJ
Nazwa ogólna lub geograficzna Nauczanie na odległość.
650 #0 - HASŁO PRZEDMIOTOWE W FORMIE NAZWY OGÓLNEJ LUB JEDNOSTKOWEJ
Nazwa ogólna lub geograficzna Nauczyciele.
700 1# - HASŁO DODATKOWE - NAZWA OSOBOWA
Nazwa osobowa BAŁASZ, Błażej.
Lata pracy 1996 - .
Instytucja Politechnika Koszalińska - Wydział Mechaniczny,
Wydział Katedra Mechaniki Precyzyjnej
700 1# - HASŁO DODATKOWE - NAZWA OSOBOWA
Nazwa osobowa SUSŁOW, Walery.
Lata pracy 2000 - .
Instytucja Politechnika Koszalińska - Wydział Elektroniki i Informatyki,
Wydział Katedra Podstaw Elektroniki
773 0# - TYTUŁ DOKUMENTU MACIERZYSTEGO
Wyrażenie wprowadzające W :
Tytuł Teoretyczno-metodyczne podstawy rozwoju e-learningu w edukacji ustawicznej. -
Adres wydawniczy Radom : Wydaw. Instytutu Technologii Eksploatacji - PIB, 2007. -
Informacje dotyczące relacji s. 261-268
942 ## - HASŁO DODATKOWE - ELEMENTY(KOHA)
Typ dokumentu Rozdział
Schemat klasyfikacji Uniwersalna klasyfikacja dziesiętna
Egzemplarze
Wycofany Zagubiony Uszkodzony Dostępność Lokalizacja stała Lokalizacja bieżąca Sygnatura Typ dokumentu
      Dostępny Bibliografia Prac Pracowników - BPK Bibliografia Prac Pracowników - BPK 85472 Rozdział
© 2014 Biblioteka Politechniki Koszalińskiej :: BIBLIOGRAFIA PRAC PRACOWNIKÓW